| 000 | 00373nam a22001217a 4500 | ||
|---|---|---|---|
| 008 | 230703b xxu||||| |||| 00| 0 eng d | ||
| 082 |
_a352.06962 _bROK |
||
| 100 | _cOffice of the President | ||
| 245 |
_aDistrict Focus for Rural Development _bNational training Strategy for District Focus |
||
| 260 |
_bOffice of the President _cmarch 1985 |
||
| 300 | _a33p | ||
| 942 |
_2ddc _cBK |
||
| 999 |
_c3217 _d3217 |
||